LEADER 01218nam a2200301 a 4500 001 000000123032 003 CaOOAMICUS 005 20100922124742.0 008 100922t2010 it u000 u ita r 020 $a978-88-06-18577-0 040 $aPUL$bita$dMCT 082 04$a340.1 100 1 $aBussani, Mauro.$0(OLS)http://pul/name/53908 245 13$aIl diritto dell'Occidente :$bgeopolitica delle regole globali /$cMauro Bussani. 260 $aTorino :$bEinaudi,$c©2010. 300 $aXVII, 351 p. ;$c22 cm 490 1 $aPassaggi Einaudi 500 $aInclude indice. 504 $aBibliografia in nota. 650 4$aDiritto.$0(OLS)http://pul/subject/491 830 0$aPassaggi Einaudi.$0(OLS)http://pul/title/150153 850 $aPUL 852 $aPUL$W1$xSL Diritto e Scienze Sociali 3$y79$m340. 1 BUSMA 1$j141338$qDDC 21$B140384$CPULBib$Z2$F140384 $H114578 $82 941 1 $a9 996 $6020$a978-88-06-18577-0$9(OLS)http://pul/number/145395 996 $6082$a340.1$9(OLS)http://pul/classification/476 996 $6245$aIl diritto dell'Occidente :$bgeopolitica delle regole globali$9(OLS)http://pul/title/155063 996 $6260$aTorino :$bEinaudi$9(OLS)http://pul/publisher/48130 LEADER 01155nam a2200265 a 4500 001 000000108528 003 CaOOAMICUS 005 20071129150124.0 008 071129s2007 fr u000 u fre d 020 $a2-85021-179-6 040 $aUPS$bita$dTZ$dPUL$dLDB 100 1 $aGorea, Maria.$0(OLS)http://pul/name/66515 245 10$aJob repensé ou trahi? :$bomissions et raccourcis de la Septante /$cpar Maria Gorea. 260 $aParis :$bJ. Gabalda,$c2007. 300 $a244 p. ;$c24 cm. 490 1 $aEtudes bibliques.$aNouvelle série ;$v56 504 $aBibliografia: p. [229]-244. 630 04$aBiblia.$pV.T.$pIob.$0(OLS)http://pul/subject/17240 830 0$aEtudes bibliques.$pNouvelle série ;$v56.$0(OLS)http://pul/title/41897 850 $aPUL 852 $aPUL$W1$xSL Religione 1$y3$m5 G 56 (N.S.)$j123691$qStampati$B122623$CPULBib$Z2$F122623 $H105737 $82 941 1 $a8 996 $6020$a2-85021-179-6$9(OLS)http://pul/number/136415 996 $6245$aJob repensé ou trahi? :$bomissions et raccourcis de la Septante$9(OLS)http://pul/title/136555 996 $6260$aParis :$bJ. Gabalda$9(OLS)http://pul/publisher/48260